000 00641nam a2200229 a 4500
001 BRCA_3807
005 20190320204431.0
008 221109s1861----fr-#######---#000-0#fre-#
041 _afre
044 _afr
050 4 _aRA811
_b.J68 1861
100 1 _aJourdanet, Denis.
_99920
245 1 0 _aDu Mexique au point de vue de son inlfuence sur la vie de l´homme
_cpar D. Jourdanet.
260 _aParís
_bJ. B. Bailliere et Fils
_c1861
300 _a400 p.
_c20 cm.
500 _aIncluye tabla analítica.
500 _aB168
650 1 4 _aGeografía médica.
_99921
651 4 _aMéxico
_vClima
_99922
902 _aGFM
942 _2lcc
_cB
999 _c3536
_d3536